000 01121nam a22004090a 4500
001 UByD001036
003 AR-LpoUNG
005 20221006001350.0
008 220929s2022||||ag |||||||||||||||||spa d
020 _a9789870766616
040 _aAR-LpoUNG
_bspa
_cAR-LpoUNG
_eaacr
041 _aspa
044 _aag
082 0 _a982.04 93cas
100 1 _aZubizarreta, Ignacio
_eed.
245 1 0 _aCaseros :
_bla batalla por la organización nacional
250 _a3ra. ed.
260 _aBuenos Aires :
_bSudamericana,
_c2022.
300 _a288 p.
650 4 _aANALISIS HISTORICO
650 4 _aARGENTINA
650 4 _aASPECTOS POLITICOS
650 4 _aCOLONIALISMO
650 4 _aCONFLICTOS POLITICOS
650 4 _aHISTORIA
650 4 _aLIDERAZGO POLITICO
650 4 _aHISTORIA POLITICA
653 _aBATALLA DE CASEROS
700 1 _aRabinovich, Alejandro M.
_eed.
700 1 _aCanciani, Leonardo
_eed.
700 1 _aBarcos, María Fernanda
700 1 _aDi Meglio, Gabriel
700 1 _aGalimberti, Vicente Agustín
700 1 _aSchmidt, Roberto
905 _a19927
942 _cLIB
_2ddc
999 _c63654
_d63654